000 00712nam a2200253Ia 4500
003 OSt
005 20220924124209.0
006 a|||||r|||| 00| 0
007 ta
008 220923b |||||||| |||| 00| 0 urd d
020 _c6.50
024 _a323233
037 _cTextual
040 _aARTS
_cARTS
_burd
041 _2urd
_aurd
082 _aV241,1y7HZA, 168L5
100 _aZaheer Razia Sajjad Au.
_9195133
245 0 _aSultan Zainul Aabdeen Budshah
260 _aNew Delhi
_b National book trust India
_c1975
650 _a STATE
_9172170
650 _aINDIA - HISTORY
942 _hV241,1y7HZA, 168L5
_cTEXL
_2CC
999 _c418758
_d418758